[Event "Quebec-ch U10"]
[Site "Montreal"]
[Date "2012.11.25"]
[Round "5"]
[White "Hamelin, Joey"]
[Black "Guan, Zi Yu"]
[Result "0-1"]
[WhiteElo "895"]
[BlackElo "1065"]
[PlyCount "76"]
[EventDate "2012.11.23"]
[EventType "swiss"]
[EventRounds "5"]
[EventCountry "CAN"]
[SourceTitle "EXT 2022"]
[Source "ChessBase"]
[SourceDate "2021.10.06"]
[SourceVersion "1"]
[SourceVersionDate "2021.10.06"]
[SourceQuality "1"]

1. e4 e5 2. Nf3 Nc6 3. Bc4 Bc5 4. c3 Nf6 5. d4 exd4 6. cxd4 Bb4+ 7. Nc3 0-0 8. Bg5 Re8 9. e5 d6 10. Qe2 dxe5 11. dxe5 Bg4 12. Bxf6 Bxc3+ 13. bxc3 Bxf3 14. gxf3 gxf6 15. Rd1 Rxe5 16. Rxd8+ Rxd8 17. Kf1 Rxe2 18. Rg1+ Kf8 19. Kxe2 Re8+ 20. Kd2 Ne5 21. Bd5 c6 22. Be4 f5 23. Rg3 fxe4 24. fxe4 Nc4+ 25. Kd3 Nb2+ 26. Kd4 c5+ 27. Kxc5 Rxe4 28. Kd6 Ra4 29. Kc7 Rxa2 30. Kxb7 a5 31. Rg4 Nd3 32. c4 a4 33. Rg5 Rb2+ 34. Ka6 a3 35. c5 a2 36. c6 a1Q+ 37. Ra5 Nc5+ 38. Ka7 Qxa5# 0-1

[Event "Quebec-ch U10"]
[Site "Montreal"]
[Date "2012.11.24"]
[Round "3"]
[White "Zhang, Hou Han"]
[Black "Hamelin, Joey"]
[Result "1-0"]
[WhiteElo "1461"]
[BlackElo "895"]
[PlyCount "59"]
[EventDate "2012.11.23"]
[EventType "swiss"]
[EventRounds "5"]
[EventCountry "CAN"]
[SourceTitle "EXT 2022"]
[Source "ChessBase"]
[SourceDate "2021.10.06"]
[SourceVersion "1"]
[SourceVersionDate "2021.10.06"]
[SourceQuality "1"]

1. e4 e5 2. Nf3 Nf6 3. d3 Nc6 4. Be2 Bb4+ 5. c3 Ba5 6. 0-0 d5 7. Bg5 Be6 8. Qa4 0-0 9. Nbd2 Bb6 10. Rad1 d4 11. cxd4 Nxd4 12. Nxd4 Bxd4 13. Qc2 c6 14. Nf3 c5 15. Nxd4 cxd4 16. f4 h6 17. fxe5 hxg5 18. exf6 gxf6 19. Rf2 Kg7 20. Rdf1 Rh8 21. Qd1 Rh6 22. Bg4 Qh8 23. h3 Rc8 24. Bxe6 fxe6 25. Qg4 Re8 26. e5 fxe5 27. Qxg5+ Rg6 28. Rf7+ Kg8 29. Qxg6+ Qg7 30. Qxg7# 1-0